Interpretación y sobreinterpretación /

Compilación de las conferencias Tanner pronunciadas por Eco en Cambridge en 1990; las conferencias Tanner son dictadas anualmente en varias de las universidades más reconocidas internacionalmente. El primer texto es la recapitulación de los significados "secretos" en el pensamiento occidental. El se...

Полное описание

Сохранить в:
Библиографические подробности
Главный автор: Eco, Umberto (autor)
Другие авторы: Rorty, Richard (colaboración) (colaboración), Brooke-Rose, Christine (colaboración) (colaboración), Culler, Jonathan (colaboración) (colaboración), Collini, Stefan (compilación e introducción) (compilación e introducción)
Формат:
Язык:испанский
Опубликовано: Cambridge, Inglaterra : Cambridge University, 1995, c1995
Предметы:
Метки: Добавить метку
Нет меток, Требуется 1-ая метка записи!

MARC

LEADER 00000nam^a2200000^a^4500
001 000594163
005 20250521000000.0
009 20260310133022.207
020 |a 0-87434-739-4 
037 |a Acervo ITESO - Biblioteca 
041 |a ESP 
082 |a 410. 3  |b ECO 
100 |a Eco, Umberto  |e (autor) 
240 1 1 |a [Interpretación y sobreinterpretación] 
245 1 0 |a Interpretación y sobreinterpretación /  |c U. Eco ; colaboración de R. Rorty, C. Brooke-Rose, J. Culler ; comp. e introd. de S. Collini ; tr. por Juan Gabriel López Guix. 
264 4 |a Cambridge, Inglaterra :  |b Cambridge University,  |c 1995, c1995 
300 |a 164 p. 
336 |a texto  |b txt  |2 rdacontenido 
337 |a sin mediación  |b n  |2 rdamedio 
338 |a volumen  |b nc  |2 rdasoporte 
500 |a Traducción de: Interpretation and Overinterpretation 
520 |a Compilación de las conferencias Tanner pronunciadas por Eco en Cambridge en 1990; las conferencias Tanner son dictadas anualmente en varias de las universidades más reconocidas internacionalmente. El primer texto es la recapitulación de los significados "secretos" en el pensamiento occidental. El segundo habla de la desconfianza hacia el sentido aparente y la consecuente sobreinterpretación, lo que anula la necesidad de una lectura "correcta". La tercera conferencia pregunta si el autor de un texto tiene alguna posición privilegiada en la interpretación de la propia obra. 
586 |a Premio Príncipe de Asturias de Comunicación y Humanidades 2000 
649 |a XX 
650 |a Pragmática 
650 |a Hermenéutica -  |x Tema Principal 
650 |a Semiótica -  |x Tema Principal 
650 |a Lingüística 
700 |a Rorty, Richard  |e (colaboración) 
700 |a Brooke-Rose, Christine  |e (colaboración) 
700 |a Culler, Jonathan  |e (colaboración) 
700 |a Collini, Stefan  |e (compilación e introducción) 
910 |a Fondo Castillo-Martínez 
920 |a Impresos - Libros 
930 |a Fondos Especiales 
905 |a 127 
901 |a 594163-10  |b IT2  |c ESP  |i D128170  |u 20250521 
902 |a https://opac.biblio.iteso.mx/vufind/Record/000594163